Annales statistiques de transport 1965-1989
Salvato in:
| Ente Autore: | |
|---|---|
| Natura: | Libro |
| Lingua: | francese inglese |
| Pubblicazione: |
Paris
OECD
1993
|
| Soggetti: | |
| Tags: |
Nessun Tag, puoi essere il primo ad aggiungerne!!
|
MARC
| LEADER | 00000nam a2200000 4500 | ||
|---|---|---|---|
| 001 | c005142 | ||
| 005 | 20221214083429.7 | ||
| 020 | |a 92-821-0187-8 | ||
| 041 | 0 | |a fre | |
| 041 | 0 | |a eng | |
| 044 | |a FR | ||
| 245 | 1 | 0 | |a Annales statistiques de transport 1965-1989 |
| 264 | 1 | |a Paris |b OECD |c 1993 | |
| 300 | |a 181 s. | ||
| 610 | 2 | 0 | |a CEMT |
| 610 | 2 | 0 | |a doprava |
| 610 | 2 | 0 | |a doprava železničná |
| 610 | 2 | 0 | |a doprava cestná |
| 610 | 2 | 0 | |a doprava vodná |
| 610 | 2 | 0 | |a ropovody |
| 610 | 2 | 0 | |a doprava námorná |
| 710 | 2 | |a OECD. European Conference of Ministers of Transport | |